000 00247nam a2200097Ia 4500
001 683442
005 20250826161438.0
008 250824s9999 xx 000 0 und d
245 0 _aYASAK ŞEHİR
_cAHMET YILMAZ BOYUNAĞA
260 _bTİMAŞ YAYINLARI
999 _c683442
_d683442